|
|
|
|
| LEADER |
02276nam a22003733i 4500 |
| 001 |
EBC31280402 |
| 003 |
MiAaPQ |
| 005 |
20240729202206.0 |
| 006 |
m o d | |
| 007 |
cr cnu|||||||| |
| 008 |
240729s2008 xx o ||||0 eng d |
| 020 |
|
|
|a 9781743321355
|q (electronic bk.)
|
| 020 |
|
|
|z 9781920899295
|
| 035 |
|
|
|a (MiAaPQ)EBC31280402
|
| 035 |
|
|
|a (Au-PeEL)EBL31280402
|
| 035 |
|
|
|a (OCoLC)1441720989
|
| 040 |
|
|
|a MiAaPQ
|b eng
|e rda
|e pn
|c MiAaPQ
|d MiAaPQ
|
| 100 |
1 |
|
|a King, Debra.
|
| 245 |
1 |
0 |
|a Paid Care in Australia :
|b Politics, Profits, Practices.
|
| 250 |
|
|
|a 1st ed.
|
| 264 |
|
1 |
|a Sydney :
|b Sydney University Press,
|c 2008.
|
| 264 |
|
4 |
|c Ã2008.
|
| 300 |
|
|
|a 1 online resource (200 pages)
|
| 336 |
|
|
|a text
|b txt
|2 rdacontent
|
| 337 |
|
|
|a computer
|b c
|2 rdamedia
|
| 338 |
|
|
|a online resource
|b cr
|2 rdacarrier
|
| 520 |
|
|
|a Care for Australia's children and elderly is provided in a mixed economy, in which for-profit providers are playing an increasingly important role alongside more traditional government and non-government organisations. Does the growth of for-profit provision affect the quality of services or of jobs in paid care? Does it change the political dynamics of the social care sector in contemporary welfare states? How might service users, their families, and organisations work together to sustain and improve the quality of care services? What theories and evidence help us to understand the process and consequences of the shift toward for-profit provision of social care? In nine chapters by leading researchers, this book explores these and other questions, to inform policy and practice in this key field of social policy.
|
| 588 |
|
|
|a Description based on publisher supplied metadata and other sources.
|
| 590 |
|
|
|a Electronic reproduction. Ann Arbor, Michigan : ProQuest Ebook Central, 2024. Available via World Wide Web. Access may be limited to ProQuest Ebook Central affiliated libraries.
|
| 655 |
|
4 |
|a Electronic books.
|
| 700 |
1 |
|
|a Meagher, Gabrielle.
|
| 776 |
0 |
8 |
|i Print version:
|a King, Debra
|t Paid Care in Australia
|d Sydney : Sydney University Press,c2008
|z 9781920899295
|
| 797 |
2 |
|
|a ProQuest (Firm)
|
| 856 |
4 |
0 |
|u https://ebookcentral.proquest.com/lib/matrademy/detail.action?docID=31280402
|z Click to View
|